Wszystkie gminy w Polsce na literę K - Statystyki

Ogólne statystyki
  • Ten quiz został rozwiązany 45 razy
  • Średni wynik to 75 z 182
Statystyki odpowiedzi
Województwo Gmina % Poprawnych
Małopolskie Kraków
100%
wielkopolskie Kalisz
94%
Śląskie Katowice
94%
wielkopolskie Koło
91%
zachodniopomorskie Kołobrzeg
91%
Podkarpackie Krosno
91%
lubelskie | podkarpackie Kamień
85%
wielkopolskie Konin
85%
pomorskie Kartuzy
82%
warmińsko-mazurskie Kętrzyn
82%
świętokrzyskie Kielce
82%
pomorskie Kościerzyna
82%
zachodniopomorskie Koszalin
79%
wielkopolskie Kostrzyn
76%
pomorskie Kwidzyn
76%
zachodniopomorskie Kamień Pomorski
73%
lubuskie Krosno Odrzańskie
73%
wielkopolskie Krotoszyn
73%
Łódzkie Kutno
73%
dolnośląskie Kamienna Góra
70%
opolskie Kędzierzyn-Koźle
70%
wielkopolskie Kościan
70%
opolskie Kluczbork
67%
podlaskie | warmińsko-mazurskie Kolno
67%
lubuskie Kostrzyn nad Odrą
67%
śląskie Kozy
67%
dolnośląskie Karpacz
64%
śląskie Knurów
64%
świętokrzyskie Końskie
64%
dolnośląskie Kudowa-Zdrój
64%
zachodniopomorskie Kalisz Pomorski
61%
dolnośląskie Kąty Wrocławskie
61%
śląskie Kłobuck
61%
dolnośląskie Kłodzko
61%
kujawsko-pomorskie Kowal
61%
mazowieckie Kozienice
61%
opolskie Krapkowice
61%
lubelskie Kazimierz Dolny
58%
kujawsko-pomorskie Koronowo
58%
podkarpackie Krzeszów
58%
wielkopolskie Kobylin
55%
małopolskie Krynica-Zdrój
55%
świętokrzyskie Kazimierza Wielka
52%
wielkopolskie Kórnik
52%
dolnośląskie Kowary
52%
pomorskie Krynica Morska
52%
podlaskie Krynki
52%
wielkopolskie Krzyż Wielkopolski
52%
kujawsko-pomorskie Kamień Krajeński
48%
świętokrzyskie Klimontów
48%
podkarpackie Kolbuszowa
48%
łódzkie Koluszki
48%
kujawsko-pomorskie Kowalewo Pomorskie
48%
wielkopolskie koźmin Wielkopolski
48%
śląskie Krzepice
48%
mazowieckie Karczew
45%
lubuskie | wielkopolskie Kłodawa
45%
lubelskie Konstantynów
45%
Łódzkie Krośniewice
45%
wielkopolskie Książ Wielkopolski
45%
podlaskie Kuźnica
45%
łódzkie Kamieńsk
42%
lubuskie Kargowa
42%
lubelskie Kock
42%
świętokrzyskie Koprzywnica
42%
opolskie Korfantów
42%
warmińsko-mazurskie Korsze
42%
wielkopolskie Koźminek
42%
wielkopolskie Krajenka
42%
lubelskie Krasnobród
42%
kujawsko-pomorskie Kruszwica
42%
śląskie Kalety
39%
wielkopolskie Kamieniec
39%
lubelskie Kamionka
39%
pomorskie Karsin
39%
kujawsko-pomorskie Kcynia
39%
opolskie Kietrz
39%
warmińsko-mazurskie Kisielice
39%
podlaskie Kleszczele
39%
małopolskie Klucze
39%
śląskie Koniecpol
39%
łódzkie Konstantynów Łódzki
39%
zachodniopomorskie Kozielice
39%
Łódzkie Krzyżanów
39%
wielkopolskie Kaczory
36%
małopolskie Kalwaria Zebrzydowska
36%
małopolskie Kamienica
36%
zachodniopomorskie Karnice
36%
wielkopolskie Kłecko
36%
wielkopolskie Kleczew
36%
łódzkie Kleszczów
36%
podlaskie Kołaki Kościelne
36%
pomorskie Kolbudy
36%
mazowieckie Konstancin-Jeziorna
36%
wielkopolskie Kraszewice
36%
wielkopolskie Krobia
36%
małopolskie Krzeszowice
36%
świętokrzyskie Kunów
36%
śląskie Kuźnia Raciborska
36%
pomorskie Kaliska
33%
dolnośląskie Kamieniec Ząbkowicki
33%
łódzkie Kiełczygłów
33%
kujawsko-pomorskie Kikół
33%
lubelskie Kłoczew
33%
pomorskie Koczała
33%
wielkopolskie Komorniki
33%
małopolskie Koszyce
33%
podkarpackie Krasiczyn
33%
mazowieckie Krasnosielc
33%
Śląskie Krzyżanowice
33%
podlaskie Kulesze Kościelne
33%
warmińsko-mazurskie Kurzętnik
33%
wielkopolskie Kazimierz Biskupi
30%
pomorskie Kołczygłowy
30%
pomorskie Konarzyny
30%
pomorskie Kosakowo
30%
podlaskie Krasnopol
30%
pomorskie Krokowa
30%
dolnośląskie Krośnice
30%
warmińsko-mazurskie Kruklanki
30%
dolnośląskie Kunice
30%
warmińsko-mazurskie Kalinowo
27%
opolskie Kamiennik
27%
małopolskie Kamionka Wielka
27%
warmińsko-mazurskie Kiwity
27%
śląskie Kłomnice
27%
podlaskie Knyszyn
27%
wielkopolskie Kobyla Góra
27%
podkarpackie Kołaczyce
27%
podlaskie Korycin
27%
warmińsko-mazurskie Kowale Oleckie
27%
małopolskie Kozłów
27%
świętokrzyskie Krasocin
27%
małopolskie Krościenko nad Dunajcem
27%
śląskie Krupski Młyn
27%
lubelskie Krynice
27%
podkarpackie Krzywcza
27%
wielkopolskie Krzywiń
27%
wielkopolskie Kaźmierz
24%
kujawsko-pomorskie Kijewo Królewskie
24%
wielkopolskie Kiszkowo
24%
świętokrzyskie Kluczewsko
24%
podlaskie Klukowo
24%
łódzkie Kobiele Wielkie
24%
wielkopolskie Kołaczkowo
24%
podkarpackie Komańcza
24%
małopolskie Korzenna
24%
małopolskie Kościelisko
24%
lubelskie Kraśniczyn
24%
śląskie Kroczyce
24%
dolnośląskie Krotoszyce
24%
śląskie Kruszyna
24%
małopolskie Kłaj
21%
wielkopolskie Kleszczewo
21%
podlaskie Kobylin-Borzymy
21%
wielkopolskie Kościelec
21%
wielkopolskie Kramsk
21%
śląskie Krzanowice
21%
kujawsko-pomorskie Książki
21%
lubelskie Księżpol
21%
mazowieckie Korczew
18%
mazowieckie Kosów Lacki
18%
lubelskie Karczmiska
15%
lubelskie Komarówka Podlaska
15%
kujawsko-pomorskie Koneck
15%
śląskie Konopiska
15%
wielkopolskie Kuślin
15%
śląskie Kamienica Polska
12%
mazowieckie Kołbiel
12%
lubelskie Komarów-Osada
12%
dolnośląskie Kotla
12%
wielkopolskie Krzymów
12%
łódzkie Kluki
9%
mazowieckie Karniewo
6%
mazowieckie Kotuń
6%
dolnośląskie Kondratowice
3%
małopolskie Koniusza
0%
mazowieckie Kowala
0%
Nie znaleziono quizów pasujących do podanych kryteriów
Rozkład punktacji
Procent ludzi z każdym wynikiem
Percentyl według liczby udzielonych odpowiedzi
Twoja historia wyników
Nie rozwiązałeś tego quizu